000 00558nam a2200181 i 4500
001 166041
003 ES-MaACL
005 20250724063434.0
008 991115s1886 fr |||| | fre d
100 1 _aTarde, Gabriel de,
_d1843-1904
_9133127
245 1 3 _aLa criminalité comparée /
_cpar G. Tarde.
260 _aParis :
_bFélix Alcan,
_c1886.
300 _a214 p. ;
_c18 cm.
650 4 _aCriminología.
_9135832
752 _aFrancia -
_dParís
852 _aES-MaACL
_jD-284
_z- Enc. hol.
_z. - Donativo Lastres
999 _c166041
_d166041